Les bourgeoisies en France : Du XVIe au milieu du XIXe siècle (notice n° 1925681)

détails MARC
000 -LEADER
fixed length control field 01539cam a2200133 4500500
005 - DATE AND TIME OF LATEST TRANSACTION
control field 20260329023231.0
041 ## - LANGUAGE CODE
Language code of text/sound track or separate title fre
042 ## - AUTHENTICATION CODE
Authentication code dc
100 10 - MAIN ENTRY--PERSONAL NAME
Personal name Coste, Laurent
Relator term author
245 00 - TITLE STATEMENT
Title Les bourgeoisies en France : Du XVIe au milieu du XIXe siècle
260 ## - PUBLICATION, DISTRIBUTION, ETC.
Name of publisher, distributor, etc. Armand Colin,<br/>
Date of publication, distribution, etc. 2013.<br/>
520 ## - SUMMARY, ETC.
Summary, etc. Qu'est-ce que la bourgeoisie dans la France de l'époque moderne ? Quelles sont les différentes caractéristiques de cette catégorie sociale qui connaît un essor spectaculaire durant la période et s’impose peu à peu dans le jeu politique et économique de la France du temps ? Affirmant sa puissance dès la Renaissance, puis sortie victorieuse de la période révolutionnaire, la bourgeoisie constitue les fondements de la société du XIXe siècle et affirme le triomphe de valeurs qui perdurent encore aujourd'hui. L’ouvrage dresse le tableau très complet, du XVIe siècle aux débuts de la Révolution industrielle, de cette population aux multiples visages et en constante évolution. À travers les figures du propriétaire foncier, du rentier ou du commerçant, jusqu'au grand affairiste citadin, il définit cette notion et fait l’analyse de cette « classe moyenne » ou « mitoyenne ». Formes de sociabilité, éducation, valeurs, représentations, ici détaillées, permettent de brosser un portrait tout en nuances qui permet de mieux comprendre la société française moderne.
856 41 - ELECTRONIC LOCATION AND ACCESS
Uniform Resource Identifier <a href="https://shs.cairn.info/les-bourgeoisies-en-france--9782200248260?lang=fr&redirect-ssocas=7080">https://shs.cairn.info/les-bourgeoisies-en-france--9782200248260?lang=fr&redirect-ssocas=7080</a>

Pas d'exemplaire disponible.

PLUDOC

PLUDOC est la plateforme unique et centralisée de gestion des bibliothèques physiques et numériques de Guinée administré par le CEDUST. Elle est la plus grande base de données de ressources documentaires pour les Étudiants, Enseignants chercheurs et Chercheurs de Guinée.

Adresse

627 919 101/664 919 101

25 boulevard du commerce
Kaloum, Conakry, Guinée

Réseaux sociaux

Powered by Netsen Group @ 2025